Visualizzazione normale
Vista MARC
- e Specialisti
di Corporate Name
Records bibliografici associati: 1
001 - CONTROL NUMBER
- control field: 34614
003 - CONTROL NUMBER IDENTIFIER
- control field: IT-RoPau
005 - DATE AND TIME OF LATEST TRANSACTION
- control field: 20150524170709.0
008 - FIXED-LENGTH DATA ELEMENTS
- fixed length control field: 150524|| aca||aabn | a|a d
040 ## - CATALOGING SOURCE
- Original cataloging agency: IT-RoPau
- Transcribing agency: IT-RoPau
110 ## - HEADING--CORPORATE NAME
- Corporate name or jurisdiction name as entry element: e Specialisti
670 ## - SOURCE DATA FOUND
- Source citation: Work cat.: (IT-RoPau)14143: Elio Gambari 34613, Lo iuniorato nella formazione delle suore.